Biblioteca

La vida en el redil (Registro nro. 69047)

Detalles MARC
000 -LÍDER
Campo fijo de descripción fija 01919nam a2200313 i 4500
001 - NÚMERO DE CONTROL
Campo de control 768714001
003 - IDENTIFICADOR DEL NÚMERO DE CONTROL
Campo de control CO-MdFUSB
005 - FECHA Y HORA DE LA ULTIMA TRANSACCIÓN
control field 20231005161148.0
008 - ELEMENTOS DE LONGITUD FIJA -- INFORMACIÓN GENERAL
Campo fijo de descripción fija -- Información general 230925t19891989miu||||g |||| 00| 0 spa d
020 ## - NÚMERO INTERNACIONAL NORMALIZADO PARA LIBROS
Número Internacional Normalizado del libro 0899220738
040 ## - FUENTE DE CATALOGACIÓN
Agencia de catalogación original CO-MdFUSB
Idioma de catalogación spa
Agencia que realiza la transcripción CO-MdFUSB
Agencia que realiza la modificación CO-MdFUSBC
Convenciones de la descripción rda
041 ## - CÓDIGO DE IDIOMA
Código de idioma para texto/pista de sonido o título separado spa
082 ## - NÚMERO DE CLASIFICACIÓN DECIMAL DEWEY
Número de la edición del Dewey 23
Número de clasificación 223.2
Clave de autor-Numero de item K29
100 ## - ASIENTO PRINCIPAL--NOMBRE PERSONAL
Nombre personal Keller, W. Phillip,
Término relacionador autor
245 #3 - TÍTULO
Título del Material La vida en el redil
Mención de responsabilidad, etc. / W. Phillip Keller
264 #1 - PRODUCCIÓN, PUBLICACIÓN, DISTRIBUCIÓN, MANUFACTURA, Y COPYRIGHT
Lugar de producción, publicación, distribución, manufactura Miami, Florida :
Nombre del productor, publicador, distribuidor Caribe,
Fecha de producción, publicación, distribución, manufactura, o copyright [1989]
264 #4 - PRODUCCIÓN, PUBLICACIÓN, DISTRIBUCIÓN, MANUFACTURA, Y COPYRIGHT
Fecha de producción, publicación, distribución, manufactura, o copyright ©1989
300 ## - DESCRIPCIÓN FÍSICA
Extensión 141 páginas
Dimensiones ; 18 cm.
336 ## - TIPO DE CONTENIDO
Fuente rdacontent
Término de tipo de contenido texto
Código de tipo de contenido txt
337 ## - TIPO DE MEDIO
Fuente rdamedia
Nombre del tipo de medio sin mediación
Código del tipo de medio n
338 ## - TIPO DE SOPORTE
Fuente rdacarrier
Nombre del tipo de soporte volumen
Código Tipo de soporte nc
504 ## - NOTA DE BIBLIOGRAFÍA, ETC.
Nota de bibliografía, etc Incluye índice
505 ## - NOTA DE CONTENIDO
Nota de contenido con formato preestablecido Jehová es mi pastor -- Nada me faltará -- En lugares de delicados pastos me hará descansar -- Junto a aguas de reposo me pastoreará -- Confortará mi alma -- Me guiará por sendas de justicia -- Aunque ande en valle de sombra de muerte -- Tu vara y tu cayado me infundirán aliento -- Aderezas mesa delante de mí -- Unges mi cabeza con aceite -- Ciertamente el bien y la misericordia me seguirá -- En la casa del señor morare por largos días.
520 ## - NOTA DE RESUMEN, ETC.
Nota de sumario, etc. Este libro fue desarrollado con un trasfondo bastante singular que me ha dado, tal vez, una apreciación más honda, que la que tienen otras personas, de lo que tenía en mente David cuando escribió su hermoso poema. en primer lugar, me crie y viví en África oriental, rodeado de sencillos pastores nativos cuyas costumbres se parecían mucho a las de sus contrapartes del medio oriente. así que me resulta sumamente familiares el romance, el sentimiento y la vida pintoresca de un pastor oriental. en segundo lugar, cuando joven, me gane la vida durante unos ocho años como propietario y cuidador de ovejas.
563 ## - NOTA DE ENCUADERNACIÓN
Nota de encuadernación Rústico
630 07 - TITULO UNIFORME
Título uniforme Biblia.
Nombre de parte o sección de la obra Salmos
Subdivisión de materia general Crítica, interpretación, etc.
942 ## - TIPO DE MATERIAL (KOHA)
Tipo de Item KOHA Libros General
945 ## - INFORMACIÓN LOCAL DEL REGISTRO
Catalogador sor1564
Existencias
Estado de Material Estado de Perdido Forma de Clasificación Estado de Dañado No para Préstamo Colección Biblioteca de Origen Biblioteca Permanente Fecha de Adquisición Área Total de Préstamos Signatura Topográfica Código de Barras Última vez visto Ejemplar/Existencia Fecha de Remplazo Tipo de Material
    Dewey Decimal Classification     Colección General Biblioteca FUSBC Biblioteca FUSBC 25/09/2023 TEOLOGÍA CRISTIANA   G 223.2 K29v 22538 25/09/2023 Ej. 1 25/09/2023 Libros General

Biblioteca FUSBC | Teléfono: (57+4) 349 88 10 Ext. 141| WhatsApp (+57) 3005338115 
E-mail: biblioteca@unisbc.edu.co | Calle 76 87-14 Robledo Palenque, Medellín, Colombia

Con tecnología Koha